000 00522nam a22001697a 4500
005 20260327115006.0
008 260327b |||||||| |||| 00| 0 eng d
020 _a978-81-203-3765-7
050 _aHD 30 .213 .K45 2009
100 _aKELKAR S.A
245 _aMANAGEMENT INFORMATION SYATEMS:A CONCISE STUDY
250 _a2nd
260 _aDELHI
_bPHI LEARNING PRIVATE LIMITED
_c2009
300 _a,302
650 _aManagement information systems-textbook-information technology management-textbook
942 _2lcc
_cBK
999 _c216881
_d216881